Výrobca - Katalóg - Zákazník Predajne. Sklady. Kancelárie. Hotely. Veľkokuchyne
AJ OZAP Bratislava. Vznik firmy. Pozadie firmy. Vybavenie skladových priestorov. Sratégia podniku.
Guardado en:
| Autor principal: | |
|---|---|
| Formato: | Capítulo de libro |
| Lenguaje: | eslovaco |
| Materias: | |
| Etiquetas: |
Sin Etiquetas, Sea el primero en etiquetar este registro!
|
MARC
| LEADER | 00000naa a2200000 4500 | ||
|---|---|---|---|
| 001 | r018788 | ||
| 005 | 20221213100638.8 | ||
| 041 | 0 | |a slo | |
| 044 | |a SK | ||
| 245 | 1 | 0 | |a Výrobca - Katalóg - Zákazník |b Predajne. Sklady. Kancelárie. Hotely. Veľkokuchyne |c Z. Kormanová |
| 520 | |a AJ OZAP Bratislava. Vznik firmy. Pozadie firmy. Vybavenie skladových priestorov. Sratégia podniku. | ||
| 610 | 2 | 0 | |a podnikanie |
| 610 | 2 | 0 | |a podnik |
| 610 | 2 | 0 | |a AJ OZAP Bratislava |
| 610 | 2 | 0 | |a stratégia podniková |
| 100 | 1 | |a Kormanová, Z. | |